000 00316nam a22001217a 4500
999 _c165334
_d165334
082 _a
_b
100 _aSathyavati
245 _aSamakaleen hindi kavita meim vyakth samajik rajnaithik vyangya ka adhyayan/
_cby Sathyavati.
260 _aNew Delhi:
_bJawahar,
_c2005.
300 _a231p.
650 _a
942 _cBK